00940nam a2200229 i 450000100060000000300090000600500170001500700030003200800410003510000280007624501300010426000340023430000300026859401000029865000300039865000340042870000320046270000450049485200320053999900170057195201220058864193ES-MaACL20250901073257.0t|031222s1963 sp a |||| | spa d1 aFleury, Pierre.915405510aCorrientes alternas b: ondas hertzianas / por P. Fleury..., J.P. Mathieu... ; [traducida por José Mª Fernández Arín]. aMadrid : bParaninfo, c1963. a443 p. : bil. ; c22 cm. aPrecede al tít.: Física general y experimental según el tratado de J. Lemoine y A. Blanc.04aCorriente alterna.911376 7aOndas de radio2embne91540561 aMathieu, Jean Paul.91540571 aFernández Arin, José María.949479 aES-MaACLjC-24056 bR.52987 c64193d64193 00104070aATENEOMbATENEOMcDEPO2d2008-01-17eSCl0oC-24056p1067271r2023-02-23 00:00:00w2023-02-23yMONOGRAFIA